White root disease of Hevea in Africa, especially in the Ivory coast (Record no. 72400)

MARC details
000 -LEADER
fixed length control field 00438nam a2200157Ia 4500
100 ## - MAIN ENTRY--AUTHOR NAME
Personal name Bouychou J G
245 #0 - TITLE STATEMENT
Title White root disease of Hevea in Africa, especially in the Ivory coast
260 ## - PUBLICATION, DISTRIBUTION, ETC. (IMPRINT)
Name of publisher Rubber Research Institute of Ceylon Bulletin
Year of publication 1966
300 ## - PHYSICAL DESCRIPTION
Number of Pages 34-36
650 ## - SUBJECT ADDED ENTRY--TOPICAL TERM
Topical Term Africa
650 ## - SUBJECT ADDED ENTRY--TOPICAL TERM
Topical Term Hevea
650 ## - SUBJECT ADDED ENTRY--TOPICAL TERM
Topical Term Ivory coast
650 ## - SUBJECT ADDED ENTRY--TOPICAL TERM
Topical Term White root disease
942 ## - ADDED ENTRY ELEMENTS (KOHA)
Koha item type Journals
Holdings
Withdrawn status Lost status Damaged status Not for loan Home library Current library Shelving location Date acquired Serial Enumeration / chronology Koha item type
      Journals RRII Library RRII Library Pathology 17/12/2021 Volume 1, Issue 2 Journals